00532 2200205 4500001002100000005001700021008004100038035002400079082000800103090001500111100002600126245004700152250000900199260003400208300001900242650003200261850001200293985000600305999001500311YOGYA-0209000005974020090227034705.0 ind  0010-020900000059740 a823 a823bHod B aHODSON, James Lansdak aHanvest in the mouthcJames Lansdak Hodson a8 th aLondonbVictor Gollanezc1998 a275 hlmc19 cm aKesastraan inggris - cerita aYOPDYOG a1 aa000047750